| 000 | 00608nam a22001337a 4500 | ||
|---|---|---|---|
| 008 | 190806b xxu||||| |||| 00| 0 eng d | ||
| 020 | _a0878919406 | ||
| 050 | _aQH54.R43 | ||
| 245 | _aREA'S Biology builder for admission and standardized test. / | ||
| 260 |
_aPiscataway: _bREA, _c1994. |
||
| 300 |
_avii, 417 p.: _bill.; _c26cm |
||
| 505 | _aContents: About the biology builder -- Biochemistry -- Cells -- Transformation of energy -- Molecular genetics -- Heredity -- Evolution -- Introduction to biological organisms -- The kingdom plantae -- The kingdom animalia -- Ecology -- Mini tests. | ||
| 942 |
_2lcc _cBK |
||
| 999 |
_c6877 _d14377 |
||